000 00860cam a22002893a 4500
001 9143
003 PGUSA
005 20140828083208.0
008 050901s2005||||xxu|||||s|||||000 1 eng d
040 _aPGUSA
_beng
042 _adc
050 4 _aPS
100 1 _aLondon, Jack,
_d1876-1916
245 1 4 _aThe Valley of the Moon
_h[electronic resource] /
_cJack London
260 _bProject Gutenberg,
_c2005
506 _aCopyrighted. Read the copyright notice inside this book for details.
516 _aElectronic text
653 _aDomestic fiction
653 _aCalifornia -- Fiction
653 _aStrikes and lockouts -- Fiction
653 _aMarriage -- Fiction
653 _aWorking class -- Fiction
653 _aFarm life -- Fiction
830 0 _aProject Gutenberg
_v9143
856 4 0 _uhttp://www.gutenberg.org/ebooks/9143
942 _cAB
999 _c238400
_d238400